| 000 | 00827cab a2200229 4500 | ||
|---|---|---|---|
| 001 | WB3130-45 | ||
| 008 | 090401t1995 xxu||||| |||| 00| 0 eng d | ||
| 035 | _a(Sirsi) u46116 | ||
| 041 | _aeng | ||
| 245 | _aNo Sunday trading condition | ||
| 260 | _c1995 | ||
| 350 | _a0 | ||
| 490 |
_aEstates Gazette Case Summaries _v1995 EGCS 135 (27 July 1995) |
||
| 520 | _aIn "Hillingdon LBC v SoS Environment and another", QBD 13 July 1995, it was held that a local authority`s application to quash an inspector`s decision to allow Sunday trading only if an acoustic fence was built around a superstore was refused. | ||
| 650 | _aACOUSTIC FENCING | ||
| 650 | _aPLANNING CONDITIONS | ||
| 650 | _aSUNDAY TRADING | ||
| 650 | _aTRAFFIC NOISE | ||
| 690 | _aPLANNING LAW AND PRACTICE-CASE LAW | ||
| 942 | _n0 | ||
| 948 | _c04/03/1997 | ||
| 999 |
_c29180 _d29180 |
||